[Event "Titled Tuesday intern op 07th Feb Late"]
[White "Cordoba Roa, Angel Gabriel"]
[Black "Mione, Dario"]
[Site "Chess.com INT"]
[Round "7"]
[Result "1-0"]
[Date "2023.02.07"]
[WhiteElo "2214"]
[BlackElo "2228"]
[PlyCount "171"]
[EventDate "2023.02.07"]
[EventType "swiss (blitz)"]
[EventRounds "11"]
[EventCountry "USA"]
[SourceTitle "EXT 2024"]
[Source "ChessBase"]
[SourceDate "2023.10.10"]
[SourceVersion "1"]
[SourceVersionDate "2023.10.10"]
[SourceQuality "1"]

1. e4 e5 2. Nf3 Nf6 3. Nxe5 d6 4. Nf3 Nxe4 5. d4 d5 6. Bd3 Bg4 7. 0-0 Be7 8. Re1 f5 9. c4 c6 10. Nc3 0-0 11. cxd5 cxd5 12. Qb3 Nxc3 13. Ne5 Ne4 14. Nxg4 Nc6 15. Ne3 Nxd4 16. Qxd5+ Kh8 17. Qxd8 Raxd8 18. Nc2 Nb3 19. axb3 Rxd3 20. Rxa7 Rxb3 21. Nd4 Rd3 22. Ne6 Re8 23. Be3 b5 24. g3 Bf6 25. Nc7 Rb8 26. Nxb5 Rxb5 27. Ra8+ Rd8 28. Rea1 Rbb8 29. Rxb8 Rxb8 30. Ra5 g6 31. Ra7 Bxb2 32. Kg2 Bg7 33. Kf3 Nf6 34. h4 Nd5 35. Bc5 Rc8 36. Bd6 Nc3 37. Rb7 Ne4 38. Bf4 Rc3+ 39. Kg2 Rc8 40. Be3 Bf6 41. Rf7 Kg8 42. Rd7 Nc5 43. Rd5 Ne4 44. h5 Re8 45. Rd7 Re7 46. Rd8+ Kf7 47. Rd3 gxh5 48. Rd5 Kg6 49. Rb5 Rf7 50. Kf3 Ng5+ 51. Kg2 Ne4 52. Rb4 Ng5 53. Rf4 Re7 54. Rc4 Ne4 55. Rc6 Ng5 56. Bf4 Ne6 57. Rc8 Nxf4+ 58. gxf4 Rg7 59. Kf3 Bh4 60. Rc5 Bf6 61. Rc6 Rf7 62. Rd6 Re7 63. Rc6 Rd7 64. Rb6 Rd3+ 65. Kg2 Rd7 66. Rc6 Rb7 67. Rd6 Rb4 68. Kf3 Rb3+ 69. Kg2 Rc3 70. Rb6 Rc4 71. Kf3 h4 72. Ra6 h3 73. Rb6 h2 74. Rb1 Rc3+ 75. Kg2 Rc4 76. Kxh2 Rxf4 77. Kg3 Rg4+ 78. Kf3 h5 79. Rb6 h4 80. Rb8 Bg5 81. Rg8+ Kf7 82. Rh8 Kg7 83. Rb8 h3 84. Rb7+ Kg6 85. Rb1 Rh4 86. Rh1 1-0

[Event "Titled Tuesday intern op 07th Feb Late"]
[White "Matko, Ognjen"]
[Black "Mione, Dario"]
[Site "Chess.com INT"]
[Round "6"]
[Result "1-0"]
[Date "2023.02.07"]
[WhiteElo "2288"]
[BlackElo "2228"]
[PlyCount "127"]
[EventDate "2023.02.07"]
[EventType "swiss (blitz)"]
[EventRounds "11"]
[EventCountry "USA"]
[SourceTitle "EXT 2024"]
[Source "ChessBase"]
[SourceDate "2023.10.10"]
[SourceVersion "1"]
[SourceVersionDate "2023.10.10"]
[SourceQuality "1"]

1. e4 e5 2. Nf3 Nf6 3. Nxe5 d6 4. Nf3 Nxe4 5. d4 d5 6. c4 Bb4+ 7. Nbd2 Qe7 8. Be2 dxc4 9. 0-0 Nxd2 10. Bxd2 Bxd2 11. Qxd2 Bg4 12. h3 Bh5 13. Rfe1 0-0 14. Bxc4 Qd6 15. Ne5 Nc6 16. Qg5 Nxe5 17. dxe5 Qg6 18. Qf4 Qb6 19. Bb3 Rae8 20. Re3 Bg6 21. Rae1 Re7 22. h4 Rfe8 23. g4 h6 24. h5 Bh7 25. g5 hxg5 26. Qxg5 Qh6 27. Qg4 Kh8 28. a3 Bg8 29. Qf3 Qg5+ 30. Kf1 Rxe5 31. Rxe5 Rxe5 32. Rxe5 Qxe5 33. Bxf7 Qb5+ 34. Ke1 Qe5+ 35. Kf1 Qb5+ 36. Kg2 Qg5+ 37. Kh3 Bxf7 38. Qxf7 Qc5 39. Qe8+ Kh7 40. Qg6+ Kh8 41. h6 gxh6 42. Qxh6+ Kg8 43. Qg6+ Kf8 44. Qf6+ Ke8 45. Kg2 Kd7 46. Qf3 Qc6 47. Qxc6+ Kxc6 48. Kf3 Kd6 49. Kg4 Ke6 50. f4 Kf6 51. f5 c5 52. Kf4 b6 53. Ke4 a6 54. a4 b5 55. axb5 axb5 56. Kd5 c4 57. Kc5 Kxf5 58. Kxb5 Ke6 59. Kxc4 Kd7 60. Kb5 Kc7 61. Ka6 Kb8 62. Kb6 Ka8 63. b4 Kb8 64. b5 1-0

[Event "Titled Tuesday intern op 31st Jan Early"]
[White "Girya, Olga"]
[Black "Mione, Dario"]
[Site "Chess.com INT"]
[Round "8"]
[Result "1/2-1/2"]
[Date "2023.01.31"]
[WhiteElo "2402"]
[BlackElo "2228"]
[PlyCount "139"]
[EventDate "2023.01.31"]
[EventType "swiss (blitz)"]
[EventRounds "11"]
[EventCountry "USA"]
[SourceTitle "CBM 212 Extra"]
[Source "ChessBase"]
[SourceDate "2023.03.31"]
[SourceVersion "1"]
[SourceVersionDate "2023.03.31"]
[SourceQuality "1"]

1. d4 d5 2. c4 e6 3. Nc3 Nf6 4. cxd5 exd5 5. Bg5 c6 6. Qc2 Be7 7. e3 Bg4 8. Nf3 Nbd7 9. Bd3 Qa5 10. Ne5 Be6 11. 0-0 h6 12. Nxd7 hxg5 13. Nxf6+ Bxf6 14. e4 Qc7 15. e5 Be7 16. Bf5 Qd7 17. Bd3 Kf8 18. Na4 g6 19. Nc5 Bxc5 20. Qxc5+ Kg7 21. b4 a6 22. a4 Rh4 23. b5 axb5 24. axb5 Rah8 25. bxc6 Rxh2 26. f3 Qxc6 27. Qxc6 bxc6 28. Ra6 Rh1+ 29. Kf2 Rxf1+ 30. Bxf1 Rc8 31. Ra5 Rb8 32. Rc5 Rb4 33. Ke3 Rb3+ 34. Kf2 Rb4 35. Ke3 Rb3+ 36. Kd2 Rb2+ 37. Rc2 Rb4 38. Ke3 Rb3+ 39. Kd2 Rb4 40. Kc3 Ra4 41. Rb2 Ra5 42. Rb6 c5 43. dxc5 Rxc5+ 44. Kd2 Ra5 45. Rc6 Ra2+ 46. Rc2 Rxc2+ 47. Kxc2 f6 48. exf6+ Kxf6 49. Kc3 Ke5 50. Bd3 Kf6 51. Kd4 g4 52. f4 Bf5 53. Be2 Be6 54. g3 g5 55. fxg5+ Kxg5 56. Bf1 Bf7 57. Ke5 Bg8 58. Bg2 Bf7 59. Bf1 Bg8 60. Bb5 Bf7 61. Bd7 Bg8 62. Be8 d4 63. Kxd4 Be6 64. Ke5 Bc8 65. Bc6 Ba6 66. Be4 Bb5 67. Bd5 Ba6 68. Be4 Bb5 69. Bd5 Ba6 70. Be4 1/2-1/2

[Event "Titled Tuesday intern op 31st Jan Early"]
[White "Mione, Dario"]
[Black "Llanos, Guillermo"]
[Site "Chess.com INT"]
[Round "4"]
[Result "0-1"]
[Date "2023.01.31"]
[WhiteElo "2228"]
[BlackElo "2296"]
[PlyCount "56"]
[EventDate "2023.01.31"]
[EventType "swiss (blitz)"]
[EventRounds "11"]
[EventCountry "USA"]
[SourceTitle "CBM 212 Extra"]
[Source "ChessBase"]
[SourceDate "2023.03.31"]
[SourceVersion "1"]
[SourceVersionDate "2023.03.31"]
[SourceQuality "1"]

1. e4 Nf6 2. Nc3 e5 3. Nf3 Nc6 4. Bc4 Nxe4 5. Nxe4 d5 6. Bd3 dxe4 7. Bxe4 Bd6 8. d4 exd4 9. Nxd4 Nxd4 10. Qxd4 0-0 11. Be3 Re8 12. 0-0-0 Bg4 13. f3 Be6 14. Kb1 Qe7 15. h4 Rad8 16. Qa4 Bc5 17. Bxc5 Qxc5 18. Rxd8 Rxd8 19. Bxb7 Qf2 20. g4 Qxh4 21. Rc1 h5 22. Qxa7 hxg4 23. fxg4 Qxg4 24. Bc6 Qf4 25. Qc5 Bg4 26. b3 g5 27. Re1 Kg7 28. Qe7 Rd6 0-1

[Event "Titled Tuesday intern op 24th Jan Late"]
[White "Mazurkiewicz, Michal"]
[Black "Mione, Dario"]
[Site "Chess.com INT"]
[Round "10"]
[Result "1/2-1/2"]
[Date "2023.01.24"]
[WhiteElo "2163"]
[BlackElo "2228"]
[PlyCount "161"]
[EventDate "2023.01.24"]
[EventType "swiss (blitz)"]
[EventRounds "11"]
[EventCountry "USA"]
[SourceTitle "EXT 2024"]
[Source "ChessBase"]
[SourceDate "2023.10.10"]
[SourceVersion "1"]
[SourceVersionDate "2023.10.10"]
[SourceQuality "1"]

1. e4 e5 2. Nf3 Nf6 3. d3 Nc6 4. g3 Bc5 5. Bg2 0-0 6. 0-0 h6 7. c3 d5 8. exd5 Nxd5 9. Nxe5 Nxe5 10. d4 Bg4 11. f3 Nxf3+ 12. Bxf3 Bxf3 13. Qxf3 Bb6 14. Nd2 c5 15. c4 Nb4 16. d5 Nc2 17. Rb1 Nd4 18. Qg4 Qg5 19. Qxg5 hxg5 20. Ne4 f6 21. Bd2 Rfe8 22. Rbe1 Nc2 23. Re2 Nd4 24. Re3 Nc2 25. Rc3 Rxe4 26. Rxc2 Re2 27. Rf2 Rae8 28. Bc3 Rxc2 29. Rxc2 Re4 30. b3 Kf7 31. Kf2 Bc7 32. Re2 Rxe2+ 33. Kxe2 g6 34. Kf3 Bd6 35. h3 b6 36. g4 a5 37. Ke4 Ke7 38. Be1 Kf7 39. h4 gxh4 40. Bxh4 Ke7 41. Bf2 Kf7 42. a3 Ke7 43. b4 axb4 44. axb4 Kf7 45. bxc5 bxc5 46. Be3 Ke7 47. Kd3 Kd7 48. Kc3 Kc7 49. Kb3 Kb6 50. Ka4 Ka6 51. Bf2 Kb6 52. Bh4 Be7 53. Bg3 Ka6 54. d6 Bd8 55. Bf2 Kb6 56. Bg3 Kc6 57. Bh2 f5 58. gxf5 gxf5 59. Bf4 Bf6 60. Ka5 Bg7 61. Ka6 Bf8 62. d7 Kxd7 63. Kb6 Ke6 64. Kc6 Be7 65. Bg3 Bf8 66. Bf2 Ke5 67. Kd7 Ke4 68. Ke8 Bd6 69. Kd7 Be5 70. Bxc5 Kd3 71. Bd6 Bxd6 72. Kxd6 f4 73. c5 f3 74. c6 f2 75. c7 f1Q 76. c8Q Qf4+ 77. Kc6 Qc4+ 78. Kd7 Qg4+ 79. Kc7 Qc4+ 80. Kd8 Qxc8+ 81. Kxc8 1/2-1/2

[Event "Titled Tuesday intern op 24th Jan Late"]
[White "Saypuri, Srithan"]
[Black "Mione, Dario"]
[Site "Chess.com INT"]
[Round "6"]
[Result "1-0"]
[Date "2023.01.24"]
[WhiteElo "2175"]
[BlackElo "2228"]
[PlyCount "113"]
[EventDate "2023.01.24"]
[EventType "swiss (blitz)"]
[EventRounds "11"]
[EventCountry "USA"]
[SourceTitle "EXT 2024"]
[Source "ChessBase"]
[SourceDate "2023.10.10"]
[SourceVersion "1"]
[SourceVersionDate "2023.10.10"]
[SourceQuality "1"]

1. e4 e5 2. Nf3 Nf6 3. Nxe5 d6 4. Nf3 Nxe4 5. Nc3 Nf6 6. d4 d5 7. Bd3 Bg4 8. h3 Bh5 9. 0-0 Be7 10. Bf4 0-0 11. Re1 c6 12. Be2 Nbd7 13. Ne5 Bxe2 14. Qxe2 Re8 15. Nxd7 Qxd7 16. Qf3 Bb4 17. Re5 Re6 18. Ne2 Rae8 19. Ng3 Bd6 20. Rxe6 Rxe6 21. Bxd6 Qxd6 22. Nf5 Qc7 23. c3 g6 24. Ne3 Qb6 25. Rb1 Qa6 26. a3 Qd3 27. Qd1 Rxe3 28. fxe3 Qxe3+ 29. Kh1 Ne4 30. Qf3 Qd2 31. Kh2 Qc2 32. Rf1 f5 33. Qf4 Qxb2 34. Qb8+ Kg7 35. Qe5+ Kh6 36. Rf4 Kg5 37. Rf3 Qd2 38. Qe7+ Kh6 39. Qf8+ Kg5 40. h4+ Kh5 41. Qg7 h6 42. Qe5 Qe1 43. Qf4 Qxh4+ 44. Rh3 Qxh3+ 45. gxh3 Nf6 46. Qc7 Ne4 47. Qxb7 Nxc3 48. Qxc6 Ne2 49. Qxd5 Nf4 50. Qb7 Ne2 51. d5 Nc3 52. d6 Ne4 53. d7 Nf6 54. d8Q Ne4 55. Qxa7 g5 56. Qe8+ Kh4 57. Qg7 1-0

[Event "Corsico FIDE"]
[White "Valsecchi, Alessio"]
[Black "Mione, Dario"]
[Site "Corsico"]
[Round "2"]
[Result "1/2-1/2"]
[Date "2007.10.06"]
[WhiteElo "2215"]
[BlackElo "2254"]
[PlyCount "40"]
[EventDate "2007.10.06"]
[EventType "swiss"]
[EventRounds "7"]
[EventCountry "ITA"]
[SourceTitle "CBM 120 Extra"]
[Source "ChessBase"]
[SourceDate "2007.11.01"]
[SourceVersion "1"]
[SourceVersionDate "2007.11.01"]
[SourceQuality "1"]

1. g3 d5 2. Bg2 c6 3. Nf3 Nf6 4. 0-0 h6 5. d3 Bf5 6. Nbd2 e6 7. Rb1 c5 8. a3 Nc6 9. c4 a5 10. cxd5 exd5 11. b3 Be7 12. Bb2 0-0 13. Ne5 Ra6 14. Rc1 Nxe5 15. Bxe5 Re6 16. Bxf6 Rxf6 17. e4 dxe4 18. dxe4 Rd6 19. exf5 Rxd2 20. Qf3 b6 1/2-1/2

[Event "Bratto op 24th"]
[White "Antognini, Francesco"]
[Black "Mione, Dario"]
[Site "Bratto"]
[Round "8"]
[Result "1/2-1/2"]
[Date "2004.08.27"]
[WhiteElo "2193"]
[BlackElo "2256"]
[PlyCount "86"]
[EventDate "2004.08.20"]
[EventType "swiss"]
[EventRounds "9"]
[EventCountry "ITA"]
[SourceTitle "CBM 101 Extra"]
[Source "ChessBase"]
[SourceDate "2004.09.01"]
[SourceVersion "2"]
[SourceVersionDate "2004.09.01"]
[SourceQuality "1"]

1. e4 c5 2. Nf3 d6 3. d4 cxd4 4. Nxd4 Nf6 5. Nc3 a6 6. f3 e6 7. Be3 b5 8. Qd2 Be7 9. 0-0-0 Bb7 10. g4 h6 11. h4 Nfd7 12. Qf2 b4 13. Nce2 Qa5 14. Kb1 Nc5 15. Bg2 Nbd7 16. g5 d5 17. Nb3 Nxb3 18. axb3 hxg5 19. exd5 Bxd5 20. hxg5 Rxh1 21. Rxh1 Rc8 22. Nd4 Bc5 23. Rh8+ Nf8 24. Bh3 Qc7 25. g6 Bxd4 26. Bxd4 fxg6 27. Qe2 Kf7 28. Be5 Qc6 29. Qd2 g5 30. Bg4 Bxf3 31. Qxg5 Qxc2+ 32. Ka2 Ng6 33. Rxc8 Qxc8 34. Bxf3 Nxe5 35. Qxe5 Qd8 36. Bh5+ g6 37. Qf4+ Kg7 38. Bg4 Qa5+ 39. Kb1 e5 40. Qd2 Qc5 41. Qd7+ Kh6 42. Qd2+ Kg7 43. Qd7+ Kh6 1/2-1/2

[Event "Bratto op 24th"]
[White "Mione, Dario"]
[Black "Lanzani, Mario"]
[Site "Bratto"]
[Round "3"]
[Result "1/2-1/2"]
[Date "2004.08.22"]
[WhiteElo "2256"]
[BlackElo "2365"]
[PlyCount "110"]
[EventDate "2004.08.20"]
[EventType "swiss"]
[EventRounds "9"]
[EventCountry "ITA"]
[SourceTitle "CBM 101 Extra"]
[Source "ChessBase"]
[SourceDate "2004.09.01"]
[SourceVersion "2"]
[SourceVersionDate "2004.09.01"]
[SourceQuality "1"]

1. e4 c5 2. Nf3 Nc6 3. d4 cxd4 4. Nxd4 Qb6 5. Nb3 Nf6 6. Nc3 e6 7. Be3 Qc7 8. a3 a6 9. f4 d6 10. g3 b5 11. Bg2 Bb7 12. Qe2 Be7 13. 0-0 0-0 14. h3 Rfe8 15. Qf2 Rac8 16. Rad1 Bf8 17. Rd2 Nd7 18. Rfd1 Na5 19. Nxa5 Qxa5 20. e5 Bxg2 21. Kxg2 d5 22. Ne2 Qc7 23. Nc1 Bc5 24. Nd3 Bxe3 25. Qxe3 Qb6 26. Qxb6 Nxb6 27. c3 a5 28. Re2 Nd7 29. Kf2 Nc5 30. Nxc5 Rxc5 31. Rd4 Rb8 32. Red2 b4 33. axb4 axb4 34. cxb4 Rcb5 35. b3 Rxb4 36. Rxb4 Rxb4 37. Ra2 h5 38. Rb2 h4 39. Kf3 hxg3 40. Kxg3 Kh7 41. Kg4 Kg6 42. h4 f6 43. exf6 Kxf6 44. Re2 Rxb3 45. h5 Rb8 46. Rh2 Rh8 47. Ra2 Rd8 48. Ra6 Ke7 49. f5 exf5+ 50. Kxf5 d4 51. h6 gxh6 52. Rxh6 d3 53. Rh1 Kd6 54. Ke4 Kc5 55. Ke3 Kc4 1/2-1/2

[Event "Bergamo op 1st"]
[White "Mione, Dario"]
[Black "Barlocco, Carlo"]
[Site "Bergamo"]
[Round "6"]
[Result "0-1"]
[Date "2002.07.28"]
[WhiteElo "2271"]
[BlackElo "2136"]
[PlyCount "84"]
[EventDate "2002.07.26"]
[EventType "swiss"]
[EventRounds "6"]
[EventCountry "ITA"]
[SourceTitle "CBM 089 Extra"]
[Source "ChessBase"]
[SourceDate "2002.09.10"]
[SourceVersion "2"]
[SourceVersionDate "2002.09.10"]
[SourceQuality "1"]

1. d4 d5 2. Nf3 c6 3. Bf4 Bf5 4. e3 Nf6 5. Bd3 Bg6 6. 0-0 e6 7. c4 Be7 8. Nc3 Nbd7 9. Rc1 0-0 10. Bxg6 hxg6 11. cxd5 Nxd5 12. Bg3 Qb6 13. Qe2 N5f6 14. Rfd1 Rac8 15. e4 Rfe8 16. e5 Nd5 17. Ne4 c5 18. dxc5 Nxc5 19. Nd6 Bxd6 20. exd6 Nd7 21. Rxc8 Rxc8 22. Ng5 Qc6 23. h3 Qc2 24. Qe1 Qxb2 25. Rxd5 exd5 26. Qe7 Rf8 27. h4 Qb1+ 28. Kh2 Qf5 29. f3 d4 30. Ne4 d3 31. Be1 Qe5+ 32. Kg1 Qxe7 33. dxe7 Re8 34. Bb4 Nb8 35. Kf2 Nc6 36. Bc5 f5 37. Nd2 b6 38. Ba3 Nxe7 39. Ke3 Nd5+ 40. Kd4 Nf4 41. g3 Ne2+ 42. Kxd3 Nxg3 0-1

[Event "ICS Anniversary op"]
[White "Alaimo, Riccardo"]
[Black "Mione, Dario"]
[Site "Fics Internet INT"]
[Round "4"]
[Result "0-1"]
[Date "2002.01.15"]
[WhiteElo "2158"]
[BlackElo "2271"]
[PlyCount "98"]
[EventDate "2002.01.15"]
[EventType "swiss (blitz)"]
[EventRounds "9"]
[EventCountry "NET"]
[SourceTitle "EXT 2004"]
[Source "ChessBase"]
[SourceDate "2003.11.25"]
[SourceVersion "1"]
[SourceVersionDate "2003.11.25"]
[SourceQuality "1"]

1. e4 e6 2. Nc3 d5 3. d4 Nf6 4. Bg5 dxe4 5. Nxe4 Nbd7 6. Nf3 Be7 7. Bxf6 Bxf6 8. g3 b6 9. Bg2 Bb7 10. Qe2 0-0 11. 0-0 Rc8 12. c3 Be7 13. Rfe1 Nf6 14. Neg5 Bd6 15. h4 h6 16. Nxe6 fxe6 17. Qxe6+ Kh8 18. Ne5 Bxg2 19. Ng6+ Kh7 20. Nxf8+ Bxf8 21. Kxg2 Qd5+ 22. Qxd5 Nxd5 23. c4 Nb4 24. Re4 Bd6 25. a3 Nd3 26. b4 Rf8 27. f3 c5 28. Re6 Rd8 29. dxc5 bxc5 30. Rd1 Bc7 31. Rc6 Bb6 32. Kf1 cxb4 33. c5 Bxc5 34. Rxc5 b3 35. Rb5 b2 36. Rb1 Rc8 37. Ke2 Rc1 38. R1xb2 Nxb2 39. Rxb2 Rh1 40. Ke3 Re1+ 41. Kf4 Rc1 42. Rb7 Rc4+ 43. Kf5 a5 44. Ra7 Ra4 45. g4 Rxa3 46. f4 a4 47. Ke4 Ra1 48. Kd3 a3 49. Kc3 Rf1 0-1

[Event "ICS Anniversary op"]
[White "Mione, Dario"]
[Black "Von Krogh, Christopher"]
[Site "Fics Internet INT"]
[Round "2"]
[Result "1/2-1/2"]
[Date "2002.01.15"]
[WhiteElo "2271"]
[BlackElo "2225"]
[PlyCount "96"]
[EventDate "2002.01.15"]
[EventType "swiss (blitz)"]
[EventRounds "9"]
[EventCountry "NET"]
[SourceTitle "EXT 2004"]
[Source "ChessBase"]
[SourceDate "2003.11.25"]
[SourceVersion "1"]
[SourceVersionDate "2003.11.25"]
[SourceQuality "1"]

1. e4 c6 2. d4 d5 3. Nd2 dxe4 4. Nxe4 Nd7 5. Ng5 Ngf6 6. Bc4 e6 7. Qe2 Nb6 8. Bb3 a5 9. c3 h6 10. Ne4 Nxe4 11. Qxe4 c5 12. Nf3 cxd4 13. Nxd4 a4 14. Bc2 Qd5 15. 0-0 Qxe4 16. Bxe4 Bd6 17. Rd1 Ke7 18. Nb5 Bb8 19. Be3 Nd7 20. c4 f5 21. Bc2 f4 22. Bd4 e5 23. Bc3 Ke6 24. Be4 Nf6 25. Bd5+ Nxd5 26. cxd5+ Kf5 27. d6 Bd7 28. Nc7 Bxc7 29. dxc7 Bc6 30. Rd6 Rhc8 31. Re1 e4 32. Bxg7 Rxc7 33. Rf6+ Kg5 34. h4+ Kxh4 35. Bxh6 f3 36. gxf3 Rg8+ 37. Kh1 exf3 38. Re5 Rd7 39. Rf4+ Rg4 40. Bg5+ Kh3 41. Rxg4 Kxg4 42. Be3 Rh7+ 43. Kg1 Rd7 44. Rg5+ Kh3 45. Rh5+ Kg4 46. Rg5+ Kh3 47. Rh5+ Kg4 48. Rg5+ Kh3 1/2-1/2

[Event "SEMI A024 email"]
[White "Mione, Dario"]
[Black "Bascetta, Biagio J"]
[Site "SEMI email"]
[Round "?"]
[Result "1/2-1/2"]
[Date "2001.09.10"]
[WhiteElo "2271"]
[BlackElo "2327"]
[PlyCount "87"]
[EventDate "2001.09.10"]
[EventType "tourn (corr)"]
[EventRounds "6"]
[EventCountry "ITA"]
[SourceTitle "Telechess CBM 091"]
[Source "ChessBase"]
[SourceDate "2002.11.12"]
[SourceVersion "1"]
[SourceVersionDate "2002.11.12"]
[SourceQuality "1"]

1. e4 c5 2. Nf3 d6 3. d4 cxd4 4. Nxd4 Nf6 5. Nc3 g6 6. Be3 Bg7 7. f3 0-0 8. Qd2 Nc6 9. Bc4 Bd7 10. 0-0-0 Rc8 11. Bb3 Ne5 12. Kb1 Nc4 13. Bxc4 Rxc4 14. g4 Re8 15. h4 h5 16. gxh5 Nxh5 17. Nde2 Qa5 18. Nd5 Qa6 19. Bd4 e6 20. Bxg7 Kxg7 21. Ndf4 Rh8 22. Qxd6 Qxd6 23. Nxh5+ Rxh5 24. Rxd6 Bc6 25. b3 Rcc5 26. Nf4 Rh6 27. Kb2 Kf6 28. Rdd1 b5 29. a3 a5 30. Rdg1 Bd7 31. h5 gxh5 32. Rh4 Ke7 33. Rgh1 Bc6 34. Rxh5 Rcxh5 35. Rxh5 Rxh5 36. Nxh5 f5 37. exf5 Bxf3 38. Ng3 Kf6 39. fxe6 Kxe6 40. Kc3 Ke5 41. Nf1 Bh5 42. Nd2 Kd5 43. Nb1 Bg6 44. Kb2 1/2-1/2

[Event "SEMI A024 email"]
[White "Mione, Dario"]
[Black "Farkas, Zsolt"]
[Site "SEMI email"]
[Round "?"]
[Result "1/2-1/2"]
[Date "2001.09.10"]
[WhiteElo "2271"]
[BlackElo "2241"]
[PlyCount "40"]
[EventDate "2001.09.10"]
[EventType "tourn (corr)"]
[EventRounds "6"]
[EventCountry "ITA"]
[SourceTitle "Telechess CBM 091"]
[Source "ChessBase"]
[SourceDate "2002.11.12"]
[SourceVersion "1"]
[SourceVersionDate "2002.11.12"]
[SourceQuality "1"]

1. e4 c5 2. Nf3 Nc6 3. d4 cxd4 4. Nxd4 Nf6 5. Nc3 e5 6. Ndb5 d6 7. Bg5 a6 8. Na3 b5 9. Bxf6 gxf6 10. Nd5 f5 11. c3 Bg7 12. exf5 Bxf5 13. Nc2 Be6 14. g3 0-0 15. Bg2 a5 16. 0-0 Rb8 17. Qh5 f5 18. Rad1 Qd7 19. Rd2 e4 20. Rfd1 Ne5 1/2-1/2

[Event "SEMI A022 email"]
[White "Hanegby, Avigdor"]
[Black "Mione, Dario"]
[Site "SEMI email"]
[Round "?"]
[Result "1/2-1/2"]
[Date "2001.??.??"]
[WhiteElo "2360"]
[BlackElo "2271"]
[PlyCount "79"]
[EventDate "2001.06.11"]
[EventType "tourn (corr)"]
[EventRounds "6"]
[EventCountry "ITA"]
[SourceTitle "Corr 2002"]
[Source "ChessBase"]
[SourceDate "2002.05.23"]
[SourceVersion "1"]
[SourceVersionDate "2002.05.23"]
[SourceQuality "1"]

1. f4 e5 2. fxe5 d6 3. exd6 Bxd6 4. Nf3 g5 5. g3 g4 6. Nh4 Ne7 7. d4 Ng6 8. Nxg6 hxg6 9. Qd3 Nc6 10. c3 Bf5 11. e4 Qe7 12. Bg2 0-0-0 13. Be3 Bd7 14. Kd1 Rh5 15. Nd2 f5 16. e5 Bxe5 17. dxe5 Nxe5 18. Qe2 Nd3 19. b3 Bb5 20. c4 Qf6 21. Rb1 Bc6 22. Bxc6 Qxc6 23. Rf1 Rhh8 24. Bg5 Rd6 25. Qe3 Rxh2 26. Qg1 Qg2 27. Qxg2 Rxg2 28. Kc2 Rxg3 29. a3 Rg2 30. Rh1 Nf2 31. Rh8+ Kd7 32. Rd8+ Kc6 33. Rxd6+ cxd6 34. Be3 Ne4 35. Kd3 Nc5+ 36. Bxc5 dxc5 37. Rh1 Rg3+ 38. Ke2 Rh3 39. Rxh3 gxh3 40. Kf2 1/2-1/2

[Event "SEMI A022 email"]
[White "Mione, Dario"]
[Black "Marcotulli, Giancarlo"]
[Site "SEMI email"]
[Round "?"]
[Result "1-0"]
[Date "2001.??.??"]
[WhiteElo "2271"]
[BlackElo "2412"]
[PlyCount "95"]
[EventDate "2001.06.11"]
[EventType "tourn (corr)"]
[EventRounds "6"]
[EventCountry "ITA"]
[SourceTitle "Corr 2002"]
[Source "ChessBase"]
[SourceDate "2002.05.23"]
[SourceVersion "1"]
[SourceVersionDate "2002.05.23"]
[SourceQuality "1"]

1. e4 e5 2. Nf3 Nc6 3. Bb5 a6 4. Ba4 Nf6 5. 0-0 Be7 6. Re1 b5 7. Bb3 d6 8. c3 0-0 9. h3 Na5 10. Bc2 c5 11. d4 Qc7 12. Nbd2 cxd4 13. cxd4 Nc6 14. Nb3 a5 15. Be3 a4 16. Nbd2 Bd7 17. Rc1 Qb8 18. Qe2 Re8 19. Bd3 a3 20. bxa3 exd4 21. Nxd4 Nxd4 22. Bxd4 Rxa3 23. Rc2 Ra4 24. Nb3 Bd8 25. Qf3 Qa8 26. Ree2 Re6 27. Qg3 Nh5 28. Qf3 Nf6 29. e5 Qxf3 30. gxf3 Nd5 31. Bf5 Nf4 32. Red2 Re7 33. Bxd7 Rxd7 34. Be3 Nxh3+ 35. Kg2 Nf4+ 36. Bxf4 Rxf4 37. Nc5 Ra7 38. exd6 g6 39. Ne4 Rd7 40. Rc8 Kg7 41. Nc5 Rc4 42. Rd5 Rc2 43. Rb8 Rxc5 44. Rxc5 Rxd6 45. Rbxb5 Ra6 46. Rd5 Be7 47. Ra5 Rc6 48. a4 1-0